Víťazný február

Bibliographic Details
Main Author: Mikitová, Helena (Author)
Format: Book
Language:Slovak
PhysicalDescription:[1], 3, [6] s. 4°
Published: Svidník Okresné osvetové stredisko 1976
Subjects:

MARC

LEADER 00000cam a2200000 a 4500
001 vtls010615756
003 SK-MaSNL
005 20260302091545.0
008 250313s1976 xo g 000 1 slo
035 |a 2113F1D4-0AE8-4190-9C2A-C5AED9D1D235 
035 |a urn:nbn:sk:snk-amjz83 
035 |a urn:nbn:sk:snk-am0084yw 
040 |a SNK  |b slo  |c SNK  |e AACR2 
041 0 |a slo 
044 |a xo  |c SK 
080 |a 323.27(437)"1948":885.4-254  |2 1981 
100 1 |a Mikitová, Helena  |4 aut  |9 760235 
245 1 0 |a Víťazný február  |c spracovala Helena Mikitová 
260 |a Svidník  |b Okresné osvetové stredisko  |c 1976 
300 |a [1], 3, [6] s.  |c 4° 
650 0 7 |a Február (1948 : Československo)  |2 SNKPH  |9 83931 
655 7 |a slovenská poézia  |2 SNKPH  |9 70444 
655 7 |a slovenská próza  |2 SNKPH  |9 104890 
852 |a Slovenská národná knižnica 
954 |a beletria pôvodná (slovenská)  |2 lita 
958 |a OND 
999 |c 1201170  |d 1203100 
952 |a SNK  |b SNK  |y PREZ  |7 0  |p 17A0972130  |o snkSB 28593  |i snkD 688/79  |8 1  |0 0  |1 0  |4 0  |d 2014-08-21  |f 1  |l 0  |r 2026-02-24 22:42:06  |w 2026-02-24